000 00276nam a2200109 4500
008 160702b xxu||||| |||| 00| 0 eng d
100 _91811
_a Bansal, R.K., et al
245 _aSpoken English
260 _aNew Delhi
_bOrient
_c2004
300 _aSpoken English
942 _2ddc
_cBK
999 _c1515
_d1515